000 00598nam a2200181Ia 4500
003 GCL
008 140319s9999 xx 000 0 ara d
040 _aGCL /
_cGCL
082 0 4 _a823
_bم س
100 1 _aخليل كلفة
245 1 0 _aالسراية الخضراء: رواية قصيرة /
_cخليل كلفة
700 1 _aماشادو دى استيس
260 _a[S.N] :
_bدار الياس العصرية للطباعه والنشر ،
_c1991
300 _a64 ص
490 _aسلسلة القصة العالمية
_v0
650 0 4 _aالقصص الانجليزية
942 _2ddc
_cBK
999 _c53245
_d53245